| 000 | 00574nam a22001697a 4500 | ||
|---|---|---|---|
| 999 |
_c59142 _d59142 |
||
| 003 | Ge_BSU | ||
| 005 | 20221130120951.0 | ||
| 008 | 221130s1984ge xxu||||| |||| 00| 0 geo d | ||
| 041 | _ageo | ||
| 080 | _a821.353.1-31 ჯ-26 | ||
| 100 |
_aჯაფარიძე, რევაზ, ავტ. _916240 |
||
| 245 |
_aვნების კვირა : _bრომანი / _cრევაზ ჯაფარიძე, |
||
| 300 |
_a558 გვ. : _bილ. ; _c22 სმ. |
||
| 653 | _aვნების კვირა | ||
| 653 | _aრომანი. | ||
| 942 |
_2udc _cBK |
||